All Huddersfield Town Premier League Players Ever - Statistics

General Stats
  • This quiz has been taken 18 times
  • The average score is 33 of 56
Answer Stats
% Correct
2017/18 Australia Aaron Mooy 36
85%
2018/19 Australia Aaron Mooy 29
85%
2017/18 Denmark Jonas Lossl 38
85%
2018/19 Denmark Jonas Lossl 31
85%
2017/18 Denmark Mathias Jorgensen 38
85%
2018/19 Denmark Mathias Jorgensen 24
85%
2017/18 Benin Steve Mounie 28
85%
2018/19 Benin Steve Mounie 31
85%
2017/18 Germany Christopher Schindler 37
77%
2018/19 Germany Christopher Schindler 37
77%
2017/18 England Jonathan Hogg 30
77%
2018/19 England Jonathan Hogg 29
77%
2017/18 Belgium Laurent Depoitre 33
77%
2018/19 Belgium Laurent Depoitre 23
77%
2017/18 Netherlands Rajiv van La Parra 33
77%
2018/19 Netherlands Rajiv van La Parra 5
77%
2017/18 Netherlands Terence Kongolo 13
77%
2018/19 Netherlands Terence Kongolo 32
77%
2017/18 DR Congo Elias Kachunga 19
69%
2018/19 DR Congo Elias Kachunga 20
69%
2017/18 Kosovo Florent Hadergjonaj 23
69%
2018/19 Kosovo Florent Hadergjonaj 24
69%
2017/18 Germany Chris Lowe 23
62%
2018/19 Germany Chris Lowe 29
62%
2017/18 Germany Collin Quaner 26
62%
2018/19 Germany Collin Quaner 2
62%
2017/18 United States Danny Williams 20
62%
2018/19 United States Danny Williams 5
62%
2018/19 Germany Erik Durm 28
62%
2018/19 Curacao Juninho Bacuna 21
62%
2017/18 Denmark Philip Billing 16
62%
2018/19 Denmark Philip Billing 27
62%
2018/19 Egypt Ramadan Sobhi 4
62%
2017/18 England Tommy Smith 24
62%
2018/19 England Tommy Smith 15
62%
2017/18 Germany Michael Hefele 2
54%
2017/18 England Tom Ince 33
54%
2018/19 France Adama Diakhaby 12
46%
2017/18 England Alex Pritchard 14
46%
2018/19 England Alex Pritchard 30
46%
2018/19 England Ben Hamer 7
46%
2018/19 Belgium Isaac Mbenza 22
46%
2018/19 Slovenia Jon Stankovic 11
46%
2017/18 England Dean Whitehead 4
38%
2018/19 England Jason Puncheon 6
38%
2018/19 England Joel Coleman 1
38%
2017/18 England Joe Lolley 6
38%
2017/18 England Scott Malone 22
38%
2017/18 Germany Abdelhamid Sabiri 5
31%
2018/19 Germany Abdelhamid Sabiri 2
31%
2018/19 England Demeaco Duhaney 1
31%
2018/19 England Karlan Grant 13
31%
2017/18 Jamaica Kasey Palmer 4
31%
2018/19 England Matty Daly 2
31%
2018/19 England Aaron Rowe 2
23%
2017/18 England Martin Cranie 3
23%
No matching quizzes found
Score Distribution
Percent of People with Each Score
Percentile by Number Answered
Your Score History
You have not taken this quiz